Sports Quiz

Random Sports or Country Quiz

NHL No.1's 2000-2012 Quiz Stats

 Plays Quiz not verified by Sporcle

Challenge
Share
Tweet
Embed
Score 0/13 Timer 06:00
0 Plays Today
Year % Correct
2005Sidney Crosby
99%
2009John Tavares
99%
2004Alexander Ovechkin
98%
2008Steven Stamkos
98%
2010Taylor Hall
97.5%
2011Ryan Nugent-Hopkins
97.5%
2007Patrick Kane
97%
2002Rick Nash
94.4%
2003Marc-Andre Fleury
92.9%
2001Ilya Kovalchuk
90.4%
2012Nail Yakupov
89.8%
2000Rick DiPietro
84.8%
2006Erik Johnson
83.8%

You're not logged in!

Compare scores with friends on all Sporcle quizzes.
OR
Log In

You Might Also Like...

Show Comments

Extras

Top Quizzes Today


Score Distribution

Your Account Isn't Verified!

In order to create a playlist on Sporcle, you need to verify the email address you used during registration. Go to your Sporcle Settings to finish the process.

Report this User

Report this user for behavior that violates our Community Guidelines.

Details: